El pequeño grupo
Salvato in:
| Autore principale: | |
|---|---|
| Natura: | Libro |
| Lingua: | spagnolo |
| Pubblicazione: |
Buenos Aires
Paidós
1963
|
| Edizione: | 1a. ed |
| Serie: | Biblioteca del Hombre Contemporáneo; 61
|
| Soggetti: | |
| Tags: |
Aggiungi Tag
Nessun Tag, puoi essere il primo ad aggiungerne!!
|
MARC
| LEADER | 00000nam a2200000 a 4500 | ||
|---|---|---|---|
| 001 | UCL8160 | ||
| 003 | CL-VaPUC | ||
| 008 | 040611e19630000AG |||||||||||||||||spa|d | ||
| 082 | 0 | 4 | |a 302.34 |b OLM |2 21 |
| 100 | |a Olmsted, Michael S. |e author |9 486128 | ||
| 245 | 1 | 3 | |a El pequeño grupo |
| 250 | |a 1a. ed | ||
| 300 | |a 187 p | ||
| 942 | |c BK | ||
| 945 | |d 20040611 00:00:00 |a cmena | ||
| 260 | |a Buenos Aires |b Paidós |c 1963 | ||
| 650 | 7 | |a GRUPOS PEQUEÑOS |2 CL-VaPUC |9 314354 | |
| 650 | 7 | |a COMPORTAMIENTO DE GRUPO |2 CL-VaPUC |9 335588 | |
| 650 | 7 | |a INDIVIDUO |2 CL-VaPUC |9 334576 | |
| 650 | 0 | |a Interacción social |9 307764 | |
| 650 | 7 | |a SOLUCION DE PROBLEMAS |2 CL-VaPUC |9 270958 | |
| 650 | 0 | |a Liderazgo |9 271835 | |
| 583 | |a last modification |c 20040611 00:00:00 |k Rodrigo Vera | ||
| 490 | 0 | |a Biblioteca del Hombre Contemporáneo; 61 | |
| 999 | |c 309603 |d 309601 | ||
| 952 | |0 0 |1 0 |4 0 |6 302_340000000000000_OLM_1963 |7 0 |8 A |9 377197 |a BIBEDU |b BIBEDU |d 2019-11-21 |i 4026187 |o 302.34 OLM 1963 |p 4026187 |r 2019-11-21 |w 2019-11-21 |y BK |k EDU | ||